[Event "Hoboken - Jean Jaures 2-6"]
[Site "?"]
[Date "2017.10.01"]
[Round "2"]
[White "Godde, Matthias"]
[Black "Witt, Rob"]
[Result "0-1"]
[WhiteElo "2017"]
[BlackElo "2118"]
[Annotator "Witt"]
[PlyCount "188"]
[EventDate "2017.??.??"]

{Zondagochtend werd ik omstreek half 11 gebeld door Arno met de vraag of ik
wilde invallen in Jean Jaurès omdat Elwin zich ziek gemeld had. Ik vind het
altijd leuk om in België te spelen dus ik zei meteen ja. Tegen Hoboken in
Antwerpen trof ik een van hun jonge talenten, de 15-jarige Matthias Godde. Die
jongens gaan snel vooruit. Ik zag na afloop dat Matthias in 1½ jaar bijna 300
ratingpunten gewonnen had.} 1. d4 d5 2. Nf3 Nf6 3. e3 c5 4. b3 {De
Colle-Zukertort. met name Jussupow heeft hiermee diverse interessante partijen
gespeeld. Wit zet zijn lopers op b2 en d3, een paard op e5 en probeert op
koningsaanval te spelen.} Nc6 5. Bb2 e6 6. Nbd2 Bd6 7. Bd3 O-O 8. O-O b6 9. a3
{Tot nu toe had Matthias alles a tempo gespeeld. Daarom trok ik nu een klein
kwartiertje uit om te kijken of ik ergens kon afwijken van de hoofdvariant.}
Qc7 {Dit verhindert Pe5 en nu begon Matthias lang na te denken zodat mijn doel
bereikt was.} ({De hoofdvariant gaat verder met} 9... Bb7 10. Ne5 Rc8 11. f4)
10. dxc5 {na 13 minuten.} (10. c4 {leek me ook een interessante mogelijkheid.})
({Minder goed leek me} 10. e4 {wegens} cxd4 11. Re1 Bb7) 10... bxc5 11. Re1 {
Na 8 minuten.} ({Ik was niet bang voor het versplinteren van mijn
koningsstelling.} 11. Bxf6 gxf6 {hoewel ik nu zie dat wit na} 12. c4 Ne5 {
remise kan maken met} 13. Nxe5 fxe5 14. Bxh7+ {enz.}) 11... e5 12. e4 d4 13.
Rc1 a5 {Na bijna een kwartier.} 14. Bb5 {Na 4 minuten deze voor mij
onverwachte zet.} Ba6 15. Bxa6 Rxa6 16. a4 Raa8 {Wit nog een uur, zwart 3
kwartier.} 17. Nc4 Rfd8 18. Qe2 Nd7 19. g3 Be7 20. Rcd1 Nb4 21. h4 f6 $2 {
Een beetje rare en onnodige zet.} ({Ik geloof dat ik} 21... Bf6 {verwierp
wegens} 22. g4 $6 {maar die zet is alleen maar verzwakkend.}) 22. Ba3 Nf8 ({
Ik keek ook even naar} 22... Na2 {maar na} 23. Ra1 {moet ik weer terug omdat}
Nc3 $2 24. Qd3 {gevolgd door Lb2 heel goed is voor wit.}) 23. Nh2 (23. h5 {
gevolgd door Ph4 lijkt me logischer.}) 23... Bd6 24. Rf1 Qc6 25. Ng4 ({Ik moet
bekennen dat ik de pionwinst gemist heb na} 25. Nxa5 Rxa5 26. Qc4+ {maar
gelukkig heeft zwart meer dan voldoende compensatie na} Nd5 $1) 25... Bc7 26.
Bxb4 {Na bijna een kwartier.} cxb4 27. f4 $2 {Te optimistisch.} Nd7 $2 {
Na slechts 2 minuten.} ({Ik had best langer mogen kijken naar} 27... exf4 $1
28. gxf4 Ne6 {wat ik heel slecht beoordeel heb. Zwart staat verschrikkelijk
goed na} 29. e5 ({En ook na} 29. f5 Nc5 30. Nf2 Rd7 $17) 29... f5 30. Nh2 Bb6
$17) 28. Qf3 $6 {Na 8 minuten.} Rf8 $6 (28... exf4 {kwam opnieuw sterk in
aanmerking.}) 29. Rd2 $6 Rae8 (29... Nc5 $1) 30. f5 $2 ({Noodzakelijk was} 30.
fxe5 fxe5 31. Qe2 {al staat zwart ook dan prettig.}) 30... Nc5 {Zowel a4 als
e4 staan aangevallen.} 31. Nf2 Nxa4 $17 {Wit nog 10 minuten, zwart 25 minuten.
Ik moest hier terugdenken aan een opmerking die ik op de heenweg in de auto
maakte. Ik moet extra oppassen als ik heel goed kom te staan want vorig
seizoen heb ik in België twee totaal gewonnen partijen nog weten te verliezen.
} 32. g4 Nc5 ({Ik keek natuurlijk ook naar} 32... Nc3 {maar ik zag niet waarom
het paard daar beter staat dan op c5. De engine vindt dit duidelijk beter. En
nu snap ik ook waarom. Mijn a-pion kan dan soms oprukken naar a2 waarna Pb1
dreigt.}) 33. g5 {Hierna dacht in ruim een kwartier na. Het ging met name om
de vraag of ik gevaar loop na g5-g6 en zo ja hoe het staat als ik iets met
fxg5 doe. Uiteindelijk vond ik dat ik g5-g6 en een paardoffer op h6 niet
hoefde te vrezen.} a4 34. Nd3 {Die had ik niet eens overwogen. Ik was een
beetje moe geworden van mijn vorige denkpauze en sloeg na een minuutje op d3.
Ik kon hier niet bevroeden dat de partij nog 60 zetten zou duren!} Nxd3 $2 ({
Op zich niet zo slecht, maar het was helemaal niet erg dat pion b4 in staat.
Na bijv.} 34... Kh8 35. Nxb4 $2 ({Beter is} 35. Nxc5 Qxc5 {maar dan is het
zwarte voordeel groter dan in de partij.}) 35... Qxe4 36. Qxe4 Nxe4 37. Rg2 {
staat zwart vrijwel op winst.}) 35. cxd3 $1 a3 {De engine geeft zwart hier een
plus, maar ik zie niet hoe zwart vorderingen kan maken als wit de
koningsvleugel afsluit en verder niks doet. Wit heeft hier nog 1 minuut + 30"
increment en zwart 6 minuten.} 36. Rff2 Ra8 37. Ra2 (37. g6 $1) 37... Bd8 ({
De engine geeft} 37... g6 $1 {Ik heb er even naar gekeken maar besloot de
tijdcontrole af te wachten.}) 38. Rg2 Be7 39. Qh5 Qc7 40. Qg4 Rfc8 {Beiden 30
minuten erbij.} 41. Qg3 Ra6 {Na ruim 10 minuten bedenkt mijn jonge opponent
een mooi plan. Hij gaat eerst zijn koning naar a2 brengen en daarna kijken of
hij op de koningsvleugel iets heeft.} 42. Kf1 Rc6 {Ik wilde kijken of er een
keer iets met Txc4 mogelijk is. Ongeveer op dit moment stond het 2½-1½ voor
ons dankzij winst van Ikonnikov en drie remises. Het zou best kunnen dat alle
overige partijen ook remise zouden worden. Alje en Jasel konden het nog
proberen en volgens Merijn en Arno zou alleen ik nog kunnen verliezen. 'met
alle respect', zei Merijn er nog bij.} 43. Ke1 Rc5 44. Kd1 Qc6 45. Qf3 Rf8 46.
Kc1 Qc7 ({Ik was hier een paar minuten heel enthousiast over de mogelijkheid} 
46... fxg5 47. hxg5 h6 48. gxh6 Qxh6+ {maar durfde het uiteindelijk niet aan
wegens} 49. Kc2 $1 {Ik had gezien dat andere koningszetten verliezen:} (49. Kb1
Qh1+ 50. Kc2 Bg5 $19) (49. Kd1 Rxc4 50. dxc4 Qh1+ 51. Ke2 d3+ {enz.})) 47. Kb1
Qd8 48. Qg4 Qd7 49. Raf2 Qc7 50. Ka2 {Wit heeft zijn doel bereikt en nu volgt
een manoeuvreerfase waar wit probeert zijn zware stukken goed te posteren en
zwart kan alleen afwachten en zorgen dat hij niet in een truc trapt.} Rc6 51.
Rf3 Bd8 52. Rfg3 Kh8 53. Qh5 Rg8 54. Qf3 Qe7 55. Rg4 Qe8 {Wit nog 5 minuten,
zwart een kwartier.} 56. R4g3 Ra6 57. Rg1 Rc6 58. R3g2 Be7 59. Qd1 Bd8 60. Qe1
Qf8 61. h5 {Wit heeft hier nog 1 minuut en leeft verder van zijn increment.}
Qe7 {Na 7 minuten.} ({Ik had een tijdje gekeken naar} 61... Rxc4 62. dxc4 (62.
bxc4 fxg5 $13) 62... fxg5 {maar ik vertrouwde het niet helemaal na bijv.} 63.
h6 {en bovendien had ik een veiliger alternatief.}) 62. Qg3 Bc7 63. Qh3 fxg5 {
Hierna had ik nog 7 minuten en leefde verder ook van mijn increment want ik
bleef de rest van de partij ongeveer 7 minuten houden. Matthijs zakte af en
toe naar een paar seconden, maar bleef stug volhouden. Misschien verwachtte
hij dat zijn bejaarde tegenstander wel een keer zou instorten.} 64. Rxg5 h6 $2
({Ik overwoog ook} 64... Rh6 $1 {en eigenlijk is dat ook wel beter. Ik weet
niet meer waarom ik er vanaf zag. Wit heeft geen enkele mogelijkheid om verder
te komen.}) 65. R5g3 Rf6 $6 (65... Bd8 $11) 66. Qg2 $14 {Het heeft verder niet
veel zin de volgende zettenreeks te analyseren. Beiden speelden snel op
increment. Inmiddels hadden Alje en Jasel toch gewonnen en was de stand 5-2
voor ons.} Qf7 67. Rg6 Rxg6 68. hxg6 Qf6 69. Rh1 Rb8 70. Rh5 Kg8 71. Nd2 Bd8
72. Nc4 Bc7 73. Qh2 Re8 74. Qc2 Qc6 75. Qc1 Bd8 76. Qd2 Qc5 77. Qe1 Bf6 78. Rh2
Rc8 79. Rc2 Qe7 80. Qd1 Qd8 81. Qc1 Kf8 82. Qd2 Qe7 83. Kb1 Bg5 84. Qe1 Bf6 85.
Ka2 {Merijn zei na afloop dat wit op a3 had kunnen slaan toen zijn koning op
b1 stond. Dat zou dan hier moeten zijn. Het blijkt echter geen probleem voor
zwart.} (85. Nxa3 Rc3 {en wit heeft zeker geen voordeel.}) 85... Kg8 86. Ka1
Kf8 87. Qd1 Bg5 88. Nb6 {Het doorzettingsvermogen van mijn jonge tegenstander
is prijzenswaardig, maar nu gaat hij te ver. Deze winstpoging is eerder een
verliespoging.} Rc3 89. Nd5 Qc5 90. Nxc3 dxc3 91. Qe2 $2 ({Wit kon zich redden
met} 91. d4 $1) 91... Bd2 $2 ({Ik kon winnen met} 91... Qg1+ 92. Ka2 Bc1 {
Die had ik nog gezien. Maar ik dacht dat het niets was omdat wit mijn dame kon
achtervolgen met bijv.} 93. Qf2 {Het was niet tot mij doorgedrongen dat
dameruil simpel wint na} Qxf2 94. Rxf2 Bd2 95. Kb1 a2+ 96. Kxa2 c2 {enz. Ach
ja, na 90 zetten zie je het allemaal niet zo scherp.}) 92. Ka2 $6 (92. d4 $1
$11) 92... Qd4 $1 {Inmiddels had ik die wending met d4 gezien.} 93. Qh2 $4 {
Een blackout.} ({Met} 93. Qf3 {(dreigt f6) kan wit het waarschijnlijk houden.}
Bg5 94. f6 $1 {Die moet je dan wel vinden.}) 93... Qxd3 94. Rxd2 Qxd2+ {
Ik had eerlijk gezegd wel te doen met Matthijs. Hij had met bewonderswaardige
inzet gestreden en zeker remise verdiend.} 0-1

[Event "Caissa intern 2017-2018"]
[Site "?"]
[Date "2017.10.17"]
[Round "6"]
[White "Witt, Rob"]
[Black "Bottema, Martin"]
[Result "1-0"]
[WhiteElo "2118"]
[BlackElo "2124"]
[Annotator "Witt"]
[PlyCount "117"]
[EventDate "2017.??.??"]

{Martin is niet mijn favoriete tegenstander. De eerste keer in 2013 verloor ik
en daarna 3x remise. Tijd om daar iets aan te veranderen.} 1. d4 Nf6 2. Bf4 {
Laat ik ook maar eens meedoen aan de mode van dit moment.} d5 3. e3 e6 4. Nd2
Bd6 5. Bg3 O-O 6. Bd3 c5 7. c3 b6 ({Er zijn veel meer partijen met} 7... Nc6 8.
Ngf3 b6) 8. Ngf3 ({Misschien moet het komen van} 8. e4 Be7 9. e5 Nfd7 10. Qh5 {
zoals Grachev twee keer gespeeld heeft. Maar veel lijkt het me niet na} g6 11.
Qe2 Nc6 12. Ngf3 cxd4 13. cxd4 Nb4 14. O-O Nxd3 15. Qxd3 a5) 8... Ba6 9. Bxa6
Nxa6 10. Qe2 Nb8 {Op dit moment stond Martin's klok nog steeds op 1.30 uur.
Hij vertelde na afloop dat hij dit begin van de avond nog bekeken had. Dat is
me al eerder overkomen tegen Martin. Toen had hij Nimzo-indisch met 4.e3 en 5.
Pe2 voorbereid terwijl ik dat nooit eerder gespeeld had.} 11. e4 {Na 10
minuten. Plannen met Pe5 en f4, al of niet voorafgegaan met loperruil, leken
me niets.} Be7 12. exd5 (12. e5 Nh5 $15) 12... Qxd5 13. dxc5 Bxc5 14. O-O Nbd7
15. Rfd1 Rfd8 16. Bh4 Qb7 17. Nc4 Nf8 18. Nce5 Ng6 19. Nxg6 hxg6 20. Ne5 Bd6 {
Wit nog een half uur, zwart 52 minuten. Het staat ongeveer gelijk.} 21. Bxf6
gxf6 22. Nxg6 {Ik had gezien dat dit niks bijzonders was voor wit, maar ik zag
geen ander plan.} Qc7 23. Nh4 Bxh2+ 24. Kh1 Be5 25. Nf3 Bf4 26. Nd4 {In de
hoop mijn torens te kunnen verdubbelen op de d-lijn of een toren naar de
koningsvleugel te brengen.} Be5 27. Nf3 Bf4 {Martin was tevreden met remise,
ik nog niet.} 28. g3 Bh6 29. Nd4 Qb7+ 30. Kg1 Bg7 31. Rd3 Rd5 32. Rad1 Re5 ({
Martin overwoog ook om zich in te laten op} 32... Rad8 33. Nxe6 $1 Rxd3 34.
Nxd8 Rxd1+ 35. Qxd1 Qe4 {en nu kan} 36. Qd7 {niet wegens eeuwig schaak. Maar
misschien heeft wit wat anders en daarom zag hij ervan af.}) 33. Qf3 {Dameruil
leek me de beste kans. Wit nog 8 minuten, zwart 24 minuten.} Qxf3 34. Nxf3 Re2
35. R1d2 {Die deed ik a tempo. Ik zag dat ik een toren op d7 krijg, maar dat
valt een beetje tegen.} ({Veel beter was} 35. Nd2 $1 {Gevolgd door Kf1. Maar
daar heb ik niet eens naar gekeken.}) 35... Rxd2 36. Rxd2 Bh6 37. Rd7 Rc8 $6 {
met dreiging Lc1.} ({Beter was meteen} 37... Bc1 $1 38. b3 b5 {en het witte
plusje is wel heel miniem.}) 38. Ne1 a5 39. Kf1 b5 40. Nd3 Bf8 41. Rb7 Rd8 42.
Ke2 Rd5 43. Ra7 a4 44. a3 {Wit nog 5 minuten, zwart 13 minuten.} Bh6 45. Rc7
Kf8 $6 46. c4 $1 bxc4 47. Rxc4 Ra5 48. Kd1 $2 ({Er was niks tegen} 48. Nc5 $16
{Ik had te weinig tijd om me goed in de stelling te verdiepen en speelde in
deze fase te snel om niet alleen increment van 15 sec. over te houden.}) 48...
Ke8 49. f4 $2 ({Opnieuw} 49. Nc5 $16) 49... Bf8 50. Rc8+ Ke7 51. Kc2 e5 $2 (
51... f5 $11 {Wit kan het nog proberen met} 52. b4 axb3+ 53. Kxb3 {maar de
kans op succes is minimaal.}) 52. f5 $2 {Het resultaat van even nadenken en
spoken zien.} ({Had ik maar a tempo het geplande} 52. Rc5 {gespeeld. In een
flits dacht ik dat zijn f-pion gevaarlijk kon worden na} Rxc5+ ({Noodzakelijk
is} 52... Ra8 53. fxe5 fxe5 54. Rxe5+ {met goede winstkansen.}) 53. Nxc5 exf4
54. gxf4 Bh6 ({of eerst} 54... f5 55. Nxa4 Bh6 56. Nc3 $18) 55. f5 Kd6 56. Nxa4
Ke5 57. Nc5 Kxf5 58. a4 $18 {maar dat is dus volkomen onzin.}) 52... e4 $1 {
Ik heb die opmars van de e-pion volkomen onderschat.} 53. Nc5 e3 54. g4 $6 (54.
Kd3 Bh6 $11) 54... Bh6 55. Kd3 $2 {Het verkeerde veld. Hier moet mijn paard
heen.} (55. Kd1 Rb5 56. Nd3 Rd5 57. Ke2 Rd4 58. Rc7+ Kf8 59. Rb7 Rxg4 60. Rb4
Rg2+ 61. Kf3 $11) 55... Rb5 $17 56. Nxa4 Rd5+ 57. Ke2 Rd2+ 58. Ke1 $2 (58. Kf1
e2+ 59. Ke1 Bf4 60. Rc3 Rd4 61. Nb6 Bd2+ 62. Kxe2 Bxc3 63. bxc3 Rxg4 {was ook
beroerd voor wit.}) 58... e2 $2 {A tempo deze blunder terwijl Martin nog 4
minuten had.} ({Winnend was} 58... Bf4 $1 59. Nc3 Bg3+ 60. Kf1 Rf2+ 61. Kg1
Rxb2 $19) 59. Rc4 {Die speelde ik a tempo. Martin keek een minuutje, zag dat
hij zijn e-pion verloor en gaf teleurgesteld op.} ({Nauwkeuriger was overigens
het inlassen van} 59. Rc7+ {en dan pas Tc4 omdat de koning naar achteren moet.
Slecht is} Kd6 60. Rxf7 Ke5 (60... Bg5 61. Rxf6+ $1) 61. Re7+) ({Na mijn} 59.
Rc4 {geeft Martin veel te vroeg op. Hij krijgt mijn g-pion terug na} Kd6 60.
Re4 Bg5 61. Rxe2 Rd4 62. Nc3 Rxg4 {Wit staat goed, maar in tijdnood kan alles
gebeuren.}) 1-0

[Event "Jean Jaures - KGSRL II 6-2"]
[Site "?"]
[Date "2017.10.22"]
[Round "3"]
[White "Witt, Rob"]
[Black "De Buck, Valere"]
[Result "1-0"]
[WhiteElo "2118"]
[BlackElo "1940"]
[Annotator "Witt"]
[PlyCount "61"]
[EventDate "2017.??.??"]

1. d4 Nf6 2. c4 g6 3. Nc3 ({Even overwoog ik} 3. f3 {om een Grunfeld te
vermijden, maar ik dacht dat hij wel de KID zou spelen.}) 3... d5 {Toch de
Grunfeld. Ik heb daar geen wapen tegen en achter het bord verzin ik iedere
keer wat anders. Deze keer koos ik voor de Russische variant.} 4. Nf3 Bg7 5.
Qb3 dxc4 6. Qxc4 O-O 7. e4 c6 {Deze stelling kwam vlot op het bord. Ik weet
alleen dat deze minder gebruikelijke aanpak bestaat, maar verdere kennis
ontbreekt.} 8. Bf4 {Na 12 minuten. Toen mijn tegenstander hierna ook bijna een
kwartier nadacht, begreep ik dat dit niet de theoretische zet was.} ({Dat is} 
8. Be2 {Ik had daar wel naar gekeken, maar ik wist niet wat ik moest denken van
} e5 {Maar dat blijkt in ca. 400 partijen maar één keer gespeeld te zijn.} 9.
dxe5 (9. Nxe5 b5 10. Qc5 Re8 {vertrouwde ik niet.}) 9... Ng4 10. Bf4 Qb6 {
valt f2 aan.} 11. O-O Be6 12. Qd3 Nd7 {Tot hier had ik gekeken en ik zag niet
wat wit hier heeft. In die ene partij met 8.... e5 kwam deze stelling ook voor:
Babula,V (2561)-Konopka,M (2416) Ostrava 2016 (27.½-½)}) 8... b5 9. Qd3 Na6
$6 {Dit leek mij minder goed.} ({Ik verwachtte eerder} 9... Qa5) ({of misschien
} 9... b4 10. Na4 Ba6 11. Qc2 Bxf1 12. Kxf1) ({De engine komt verrassend met} 
9... c5 $5 $146 10. dxc5 b4 {met chaos.}) 10. Be2 Bg4 {Ik vond dit een wat
vreemde zet, maar min tegenstander zei na afloop dat hij op een trucje speelde.
} 11. Rd1 {Na 7 minuten. Mijn alternatief was korte rokade.} ({Ik was me van
geen trucje bewust, maar hij doelde op} 11. h3 $2 Nb4 $1 12. Qd1 Bxf3 13. Bxf3
Qxd4 {Toch wel slim bedacht.}) 11... Nb4 12. Qb1 (12. Qd2 $5 {lijkt me
achteraf beter.}) 12... a5 $6 {Hier zie ik het nut niet van.} ({Logischer is} 
12... Nh5) 13. O-O h6 14. h3 Be6 15. Ne5 {Eerst a3 was nauwkeuriger.} Qc8 {
De zet die ik verwachtte.} ({De engine geeft de voorkeur aan} 15... Nd7 {
Daarop plande ik} 16. Nxc6 Nxc6 17. d5 {eveneens met groot voordeel.}) 16. a3
Na6 17. Rc1 {Ik speelde deze snel zonder naar alternatieven te kijken omdat ik
zag dat ik sterk was.} (17. d5 cxd5 18. exd5 Bf5 19. Qc1 b4 20. Nc6 {was
misschien nog sterker geweest.}) 17... Qb7 18. Nxc6 Qxc6 19. d5 Qb6 (19... Nxd5
20. exd5 Bxd5 21. Nxd5 Qxd5 22. Bf3 {met kwaliteitswinst.}) 20. dxe6 {Na 5
minuten. Ik keek naar het alternatief, maar in tegenstelling tot de engine zag
ik niet waarom dat beter zou zijn.} (20. Be3 Qd6 21. Nxb5 Qe5 22. dxe6 Qxe6 {
En hier stopte ik met de conclusie dat liever mijn loper op b5 heb dan een
paard. Toch genoot dit de voorkeur omdat het zwarte paard op a6 nu moeilijk in
het spel komt. wit kan zelfs sterk voortzetten met} 23. Bc4 {bijv.} Qxe4 24.
Qxe4 Nxe4 25. Bd5 Rab8 26. Bxe4 Rxb5 27. Bd3 $18 {maar dat is lastig te zien
in de vooruitberekening.}) 20... Qxe6 21. Bxb5 Nc5 22. Rfe1 Nb3 $2 {Hier heeft
het paard niks te zoeken.} ({Na bijv.} 22... a4 {kan zwart nog proberen te
keepen.}) 23. Rcd1 g5 {Zwart vond dat hij verloren stond en besluit va banque
te spelen. Maar dat helpt alleen maar wit.} 24. Bh2 ({Ik keek ook even naar} 
24. e5 Nh5 {maar miste nu het sterke} 25. Bd7 $18) 24... g4 $2 25. hxg4 (25. e5
$1) 25... Nxg4 26. Bd7 Qg6 27. Nd5 Qh5 28. Nxe7+ Kh8 29. Bxg4 Qxg4 30. Nf5 Bf6
31. Rd3 {En mijn tegenstander feliciteerde me. We hebben daarna nog een tijdje
geanalyseerd onder het genot van een paar glazen Gentse Strop. We wonnen de
wedstrijd met 6-2.} 1-0